Fī mawkib al-daʻwah. (Record no. 48505)
[ view plain ]
| 000 -LEADER | |
|---|---|
| fixed length control field | 00540cam a22002291 4500 |
| 001 - CONTROL NUMBER | |
| control field | ne 65002374 |
| 003 - CONTROL NUMBER IDENTIFIER | |
| control field | DLC |
| 005 - DATE AND TIME OF LATEST TRANSACTION | |
| control field | 20260227111818.0 |
| 008 - FIXED-LENGTH DATA ELEMENTS--GENERAL INFORMATION | |
| fixed length control field | 890514q xx 000 0 ara |
| 010 ## - LIBRARY OF CONGRESS CONTROL NUMBER | |
| LC control number | ne 65002374 |
| 035 ## - SYSTEM CONTROL NUMBER | |
| System control number | (OCoLC)23500971 |
| 040 ## - CATALOGING SOURCE | |
| Original cataloging agency | DLC |
| Transcribing agency | MiU |
| Modifying agency | DLC |
| 042 ## - AUTHENTICATION CODE | |
| Authentication code | premarc |
| 050 00 - LIBRARY OF CONGRESS CALL NUMBER | |
| Classification number | BP165 |
| Item number | .G46 1965 |
| 100 1# - MAIN ENTRY--PERSONAL NAME | |
| Personal name | Ghazzālī, Muḥammad. |
| 245 10 - TITLE STATEMENT | |
| Title | Fī mawkib al-daʻwah. |
| 260 ## - PUBLICATION, DISTRIBUTION, ETC. | |
| Date of publication, distribution, etc. | .1965 |
| 300 ## - PHYSICAL DESCRIPTION | |
| Extent | 302 p. |
| Dimensions | 22 cm. |
| 500 ## - GENERAL NOTE | |
| General note | Romanized. |
| 650 #0 - SUBJECT ADDED ENTRY--TOPICAL TERM | |
| Topical term or geographic name entry element | Islam. |
| 650 #0 - SUBJECT ADDED ENTRY--TOPICAL TERM | |
| Topical term or geographic name entry element | Daʻwah (Islam) |
No items available.